[Event "Euro Online U2300 Day 1"]
[Site "chess.com INT"]
[Date "2020.05.25"]
[Round "4"]
[White "Oleynik, Alexander"]
[Black "Hrabinska, Myroslava"]
[Result "0-1"]
[BlackTitle "WGM"]
[WhiteElo "2249"]
[BlackElo "2235"]
[WhiteFideId "14110113"]
[BlackFideId "14109190"]
[EventDate "2020.05.25"]

1. e4 c5 2. Nc3 Nc6 3. g3 g6 4. Bg2 Bg7 5. d3 Rb8 6. a4 a6 7. h4 d6 8. h5 b5 9.
axb5 axb5 10. h6 Bf6 11. Nd5 Be5 12. f4 Bf6 13. Nf3 Bg4 14. c3 e6 15. Ne3 Bxf3
16. Bxf3 b4 17. e5 Nxe5 18. fxe5 Bxe5 19. Kf2 bxc3 20. bxc3 Bxc3 21. Ra7 Bd4 22.
Qa4+ Kf8 23. Rd7 Qg5 24. Qa7 Rb2+ 25. Kf1 Nxh6 26. Rxh6 Qf6 27. Rxf7+ Qxf7 28.
Qxf7+ Kxf7 29. Bxb2 Bxb2 30. Ke2 Bg7 31. Rh1 h5 32. Rb1 Bd4 33. Rb7+ Kf6 34. Nc4
d5 35. Nd6 Ra8 36. Rf7+ Ke5 37. Nb5 Ra2+ 38. Kd1 Bf2 39. g4 h4 40. Nc3 Ra1+ 41.
Kc2 Be3 42. Rh7 g5 43. Re7 Rc1+ 44. Kb2 Kf6 45. Re8 Rf1 46. Be2 Rf2 47. Rf8+ Ke5
48. Rxf2 Bxf2 49. Kc2 Kf4 50. Nd1 Kg3 51. Kd2 h3 52. Ne3 Bxe3+ 53. Kxe3 e5 54.
Bf3 e4 55. dxe4 dxe4 56. Bxe4 Kxg4 57. Bd5 Kg3 58. Bc6 c4 59. Be4 g4 60. Ke2 c3
61. Kf1 Kh2 62. Kf2 g3+ 63. Ke2 g2 0-1

[Event "Euro Online U2300 Day 1"]
[Site "chess.com INT"]
[Date "2020.05.25"]
[Round "4"]
[White "Nagy, Ladislav"]
[Black "Arakhamia-Grant, Ketevan"]
[Result "1-0"]
[BlackTitle "GM"]
[WhiteElo "2085"]
[BlackElo "2380"]
[WhiteFideId "374300"]
[BlackFideId "13600168"]
[EventDate "2020.05.25"]

1. e4 c5 2. Nc3 e6 3. g3 Nc6 4. Bg2 g6 5. d3 Bg7 6. f4 Nge7 7. Nf3 d5 8. e5 O-O
9. O-O f6 10. exf6 Bxf6 11. Qe2 Rb8 12. Nd1 Qd6 13. Re1 Bd7 14. Nf2 Nd4 15. Nxd4
Bxd4 16. c3 Bg7 17. Ng4 Nc6 18. Be3 Rbe8 19. Bf2 e5 20. Nxe5 Nxe5 21. fxe5 Bxe5
22. Qd2 d4 23. Bxb7 Bc6 24. Bxc6 Qxc6 25. Re4 Bg7 26. Rxe8 Qxe8 27. Re1 Qf7 28.
cxd4 cxd4 29. b3 h5 30. Qe2 Kh7 31. Kg2 Qf5 32. Bg1 h4 33. gxh4 Bf6 34. Bf2 Rf7
35. Bg3 Re7 36. Qf3 1-0

[Event "Euro Online U2300 Day 1"]
[Site "chess.com INT"]
[Date "2020.05.25"]
[Round "4"]
[White "Kacprzak, Karol"]
[Black "Vashchilov, Sergey"]
[Result "1-0"]
[WhiteElo "1988"]
[BlackElo "2176"]
[WhiteFideId "21819327"]
[BlackFideId "13506676"]
[EventDate "2020.05.25"]

1. d4 d5 2. Nf3 Nf6 3. e3 Bg4 4. b3 Nbd7 5. Bb2 c6 6. Bd3 a5 7. a4 Qc8 8. O-O e6
9. c4 Bd6 10. Nbd2 Qb8 11. h3 Bh5 12. e4 Bb4 13. e5 Ng8 14. Qc2 Bg6 15. Nh4 Bxd3
16. Qxd3 Qd8 17. g3 Be7 18. Ng2 Qb6 19. Ne3 Bb4 20. Kh2 Ne7 21. f4 g6 22. Nf3
Nf5 23. Nc2 Be7 24. g4 Ng7 25. Ne3 h5 26. Kg2 O-O-O 27. c5 Qa6 28. Qxa6 bxa6 29.
Bc3 Kb7 30. Bxa5 Rb8 31. Bc3 Ka7 32. Rab1 Rb7 33. Rb2 Rhb8 34. Rfb1 Bd8 35. b4
Nf8 36. Nc2 Ne8 37. Na3 Nc7 38. Nd2 f6 39. Nb3 hxg4 40. hxg4 g5 41. Na5 gxf4 42.
Nxc6+ Ka8 43. Nxb8 Rxb8 44. b5 fxe5 45. dxe5 Be7 46. Bd4 Ne8 47. b6 Kb7 48. Rc2
Kc6 49. Nb5 Nd7 50. Na7+ Kb7 51. c6+ 1-0

[Event "Euro Online U2300 Day 1"]
[Site "chess.com INT"]
[Date "2020.05.25"]
[Round "4"]
[White "Kniazev, Alexander V."]
[Black "Lopez Del Alamo, Antonio"]
[Result "1-0"]
[WhiteTitle "FM"]
[BlackTitle "FM"]
[WhiteElo "2236"]
[BlackElo "2283"]
[WhiteFideId "4144120"]
[BlackFideId "2227339"]
[EventDate "2020.05.25"]

1. Nf3 Nf6 2. g3 g6 3. b3 Bg7 4. Bb2 O-O 5. Bg2 d6 6. O-O e5 7. c4 Nbd7 8. d3
Re8 9. Nbd2 c6 10. e4 Nc5 11. Qc2 Ne6 12. b4 Nd7 13. a3 Rf8 14. Rae1 f5 15. exf5
gxf5 16. Nh4 f4 17. Bh3 Ng5 18. Bf5 Nf6 19. d4 Bxf5 20. Nxf5 e4 21. Nxg7 Kxg7
22. gxf4 Nf3+ 23. Nxf3 exf3 24. Kh1 d5 25. Rg1+ Kh8 26. Qd3 dxc4 27. Qf5 Qd5 28.
Re5 Qd7 29. d5 Rad8 30. dxc6 bxc6 31. Re6 c3 32. Bxc3 Qd4 33. Bxd4 Rxd4 34. Rxf6
Rg8 35. Rxg8+ Kxg8 36. Rf8+ Kg7 37. Qf6# 1-0

[Event "Euro Online U2300 Day 1"]
[Site "chess.com INT"]
[Date "2020.05.25"]
[Round "4"]
[White "Finek, Vaclav"]
[Black "Barak, David"]
[Result "1-0"]
[WhiteTitle "FM"]
[WhiteElo "2203"]
[BlackElo "2116"]
[WhiteFideId "23718293"]
[BlackFideId "387347"]
[EventDate "2020.05.25"]

1. d4 Nf6 2. c4 c5 3. d5 b5 4. cxb5 a6 5. bxa6 g6 6. Nc3 Bxa6 7. e4 Bxf1 8. Kxf1
d6 9. Nf3 Bg7 10. h3 O-O 11. Kg1 Qb6 12. Kh2 Qb7 13. Re1 Rc8 14. Re2 Ne8 15. Qc2
Nc7 16. Be3 Nba6 17. Rae1 Nb4 18. Qd2 Nxa2 19. Bh6 f6 20. Bxg7 Kxg7 21. e5 dxe5
22. Nxe5 Nxc3 23. bxc3 Qxd5 24. Nd3 e6 25. Qe3 Qd6+ 26. g3 Ra5 27. Rd1 Rd8 28.
Nb2 Qe7 29. Rxd8 Qxd8 30. Rd2 Qe8 31. Nc4 Ra1 32. Qxc5 Nd5 33. Nd6 Qe7 34. Rxd5
Qb7 35. Nxb7 1-0

[Event "Euro Online U2300 Day 1"]
[Site "chess.com INT"]
[Date "2020.05.25"]
[Round "4"]
[White "Ohanyan, Emin"]
[Black "Nur-Mukhametova, Alisa"]
[Result "1-0"]
[WhiteTitle "FM"]
[WhiteElo "2291"]
[BlackElo "2262"]
[WhiteFideId "13312022"]
[BlackFideId "54117739"]
[EventDate "2020.05.25"]

1. e4 c5 2. Nf3 e6 3. d4 cxd4 4. Nxd4 Nf6 5. Nc3 d6 6. g4 h6 7. h4 Nc6 8. Rg1 d5
9. Nxc6 bxc6 10. g5 hxg5 11. hxg5 Nd7 12. g6 f6 13. Be3 Rb8 14. Qe2 Qa5 15. Bd2
d4 16. Nd5 Qd8 17. Nf4 Nc5 18. b4 Na4 19. Qc4 Qd6 20. Bh3 Rxh3 21. Nxh3 e5 22.
Ng5 Rb7 23. Nh7 Be6 24. Qa6 Rxb4 25. Nxf8 Kxf8 26. Qxa7 Nc3 27. Rh1 Bg8 28. Rh8
Qe6 29. Bxc3 dxc3 30. f3 Rd4 31. Rd1 Rxd1+ 32. Kxd1 Qd6+ 33. Ke1 Qd2+ 34. Kf1
Qd1+ 35. Kg2 Qxc2+ 36. Kg3 Qg2+ 37. Kxg2 c2 38. Qf7# 1-0

[Event "Euro Online U2300 Day 1"]
[Site "chess.com INT"]
[Date "2020.05.25"]
[Round "4"]
[White "Petrovic, Aleksa"]
[Black "Moran, Stephen"]
[Result "1-0"]
[WhiteElo "2072"]
[BlackElo "2195"]
[WhiteFideId "967629"]
[BlackFideId "2501872"]
[EventDate "2020.05.25"]

1. e4 c5 2. Nf3 g6 3. d4 cxd4 4. Nxd4 Bg7 5. Nc3 Nc6 6. Be3 Nf6 7. Bc4 Qa5 8.
O-O O-O 9. Bb3 d6 10. f3 Bd7 11. Qd2 Rac8 12. Rad1 Ne5 13. Nd5 Qd8 14. c3 Nc4
15. Bxc4 Rxc4 16. b3 Rc8 17. c4 Be8 18. Bh6 e6 19. Bxg7 Kxg7 20. Nxf6 Qxf6 21.
Nc2 Rd8 22. Ne3 Bc6 23. Ng4 Qe7 24. c5 d5 25. Qh6+ Kh8 26. e5 Qxc5+ 27. Kh1 f5
28. exf6 Rf7 29. Rc1 Qd6 30. Qg5 e5 31. Rce1 Re8 32. h4 Bd7 33. Rxe5 Ref8 34.
Re7 Bxg4 35. Rxf7 Rxf7 36. fxg4 d4 37. Re1 d3 38. Re8+ Rf8 39. Qh6 Qxf6 1-0

[Event "Euro Online U2300 Day 1"]
[Site "chess.com INT"]
[Date "2020.05.25"]
[Round "4"]
[White "Vardanyan, Aras"]
[Black "Svane, Frederik"]
[Result "0-1"]
[WhiteElo "2178"]
[BlackElo "2421"]
[WhiteFideId "12808792"]
[BlackFideId "12923044"]
[EventDate "2020.05.25"]

1. d4 Nf6 2. c4 d6 3. f3 g6 4. e4 Bg7 5. Ne2 O-O 6. Be3 c5 7. d5 e6 8. Nec3 exd5
9. cxd5 a6 10. a4 Ne8 11. Be2 f5 12. O-O f4 13. Bf2 Nd7 14. Na3 Ne5 15. Rb1 g5
16. Nc4 Nxc4 17. Bxc4 Be5 18. Qd3 a5 19. Rfe1 h5 20. Kf1 Nf6 21. Ke2 Nd7 22. Bb5
Bg7 23. Bxd7 Bxd7 24. b3 Be5 25. Kd2 Qb6 26. Qc4 Qb4 27. Rec1 Rfb8 28. Kd3 b5
29. axb5 Rxb5 30. Be1 Rb7 31. Kc2 Rab8 32. h3 Qxc4 33. bxc4 Rb4 34. Ra1 a4 35.
Rcb1 Kf7 36. Rc1 Rxc4 37. Rab1 Rcb4 38. Ra1 Rb2+ 39. Kd3 R8b3 40. Kc4 Rb4+ 41.
Kd3 Rd4# 0-1

[Event "Euro Online U2300 Day 1"]
[Site "chess.com INT"]
[Date "2020.05.25"]
[Round "4"]
[White "Adrian, Claude"]
[Black "Fojt, Petr"]
[Result "1-0"]
[WhiteTitle "IM"]
[WhiteElo "2250"]
[BlackElo "2084"]
[WhiteFideId "601071"]
[BlackFideId "386570"]
[EventDate "2020.05.25"]

1. c4 e5 2. Nc3 g6 3. Nf3 Bg7 4. d4 exd4 5. Nxd4 Ne7 6. g3 O-O 7. Bg2 Nbc6 8.
Nc2 d6 9. O-O Be6 10. Ne3 Ne5 11. Ncd5 c6 12. Nxe7+ Qxe7 13. Qc2 Rac8 14. Rd1 d5
15. c5 Nc4 16. Nxc4 dxc4 17. Bf4 Qxc5 18. Bd6 Qb5 19. Bxf8 Rxf8 20. Rab1 a5 21.
Rd2 a4 22. Rbd1 a3 23. bxa3 c3 24. Rd8 Qb2 25. Be4 Bxa2 26. Rxf8+ Bxf8 27. Rd8
Qxa3 28. Rd7 b5 29. Bxc6 b4 30. Rb7 Qb2 31. Ba4 Qa1+ 32. Qd1 Qxd1+ 33. Bxd1 Bb1
34. Rc7 Bd6 35. Rc6 Be7 36. Bb3 Kg7 37. f4 Be4 38. Rc7 c2 39. Bxc2 Bxc2 40. Rxc2
Bf6 41. Rc4 b3 42. Rb4 b2 43. e4 Bc3 44. Rb3 Kf8 45. Kf2 Ke7 46. Ke3 Ke6 47. Kd3
Ba5 48. Rxb2 h5 49. Rb5 Bc7 50. Rb7 Bd6 51. Rb6 Ke7 52. Kd4 h4 53. e5 Ba3 54.
gxh4 Bc1 55. Ke4 Bd2 56. f5 gxf5+ 57. Kxf5 Be3 58. Ra6 Bd4 59. h5 Be3 60. h6 f6
61. h7 1-0

[Event "Euro Online U2300 Day 1"]
[Site "chess.com INT"]
[Date "2020.05.25"]
[Round "4"]
[White "Kudrytskyi, Stanislav"]
[Black "Flajsman, Pavel"]
[Result "1-0"]
[WhiteElo "2057"]
[BlackElo "2162"]
[WhiteFideId "14133091"]
[BlackFideId "391476"]
[EventDate "2020.05.25"]

1. d4 Nf6 2. c4 g6 3. Nc3 d5 4. cxd5 Nxd5 5. Nf3 Bg7 6. Bg5 Nxc3 7. bxc3 O-O 8.
e3 c5 9. Be2 Nc6 10. O-O Qc7 11. Rb1 Bf5 12. Bd3 Bxd3 13. Qxd3 cxd4 14. cxd4
Rac8 15. Qb5 b6 16. Rfc1 h6 17. Bxe7 Nxd4 18. Rxc7 Nxb5 19. Rb7 Rfe8 20. Bb4 Bc3
21. g3 Bxb4 22. Rxb4 Rc7 23. Rxc7 Nxc7 24. Nd4 Nd5 25. Rc4 Kg7 26. a3 Re7 27.
Rc8 Rc7 28. Rd8 Nf6 29. Nb5 Rc5 30. Nxa7 Ra5 31. Nc8 Rxa3 32. Nxb6 Ne4 33. Rd4
Nf6 34. Kg2 Rb3 35. Nc4 Rb4 36. Nd2 Rb2 37. Kf3 Ra2 38. h3 h5 39. e4 Ra3+ 40.
Ke2 Ne8 41. e5 Nc7 42. Rd7 Ne6 43. Nc4 Ra2+ 44. Ke3 Ra3+ 45. Nxa3 1-0

[Event "Euro Online U2300 Day 1"]
[Site "chess.com INT"]
[Date "2020.05.25"]
[Round "4"]
[White "Hasanagic, Anel"]
[Black "Han, Yichen"]
[Result "1/2-1/2"]
[WhiteTitle "CM"]
[BlackTitle "FM"]
[WhiteElo "2235"]
[BlackElo "2307"]
[WhiteFideId "14605791"]
[BlackFideId "1054430"]
[EventDate "2020.05.25"]

1. e4 c5 2. c3 Nf6 3. e5 Nd5 4. Nf3 Nc6 5. Bc4 Nb6 6. Bb3 g6 7. O-O Bg7 8. Re1
O-O 9. Na3 d5 10. exd6 Qxd6 11. h3 e5 12. Qe2 h6 13. d3 Rd8 14. Rd1 g5 15. Nc4
Nxc4 16. dxc4 Qc7 17. Be3 b6 18. Rxd8+ Qxd8 19. Bc2 f5 20. Rd1 Qf6 21. b4 e4 22.
Nh2 Qxc3 23. bxc5 bxc5 24. Bxc5 Ba6 25. Bb3 Na5 26. Rd7 Nxb3 27. axb3 Qxb3 28.
Rxa7 Rxa7 29. Bxa7 Bxc4 30. Qe1 f4 31. Nf1 Qc2 32. f3 e3 33. Nxe3 fxe3 34. Bxe3
Qe2 35. Qxe2 Bxe2 36. Kf2 Bc4 37. f4 gxf4 38. Bxf4 Kh7 39. g4 Kg6 40. h4 Bf6 41.
Kg3 Bd8 42. Be5 Be2 43. Bf4 Be7 44. Be3 Bf8 45. h5+ Kf6 46. Bd4+ Ke6 47. Be3 Ke5
48. g5 Ke4 49. Bc1 hxg5 50. Bxg5 Bxh5 51. Kf2 Bd6 52. Bh6 Bc5+ 53. Kg3 Bf3 54.
Bc1 Bd6+ 55. Kf2 Bh2 56. Bh6 Be5 57. Bc1 Bf6 58. Bd2 Bh4+ 59. Kf1 Kd3 60. Be1
Bf6 61. Bf2 Bg5 62. Be1 Ke3 63. Bf2+ Ke4 64. Be1 Kf4 65. Bd2+ Kg4 66. Bxg5 1/2-1/2

[Event "Euro Online U2300 Day 1"]
[Site "chess.com INT"]
[Date "2020.05.25"]
[Round "4"]
[White "Laux, Dominik"]
[Black "Papadiamandis, Elliot"]
[Result "1-0"]
[BlackTitle "CM"]
[WhiteElo "2009"]
[BlackElo "2269"]
[WhiteFideId "12994219"]
[BlackFideId "36074160"]
[EventDate "2020.05.25"]

1. d4 Nf6 2. Bg5 Ne4 3. Bf4 c5 4. f3 Qa5+ 5. c3 Nf6 6. d5 Qb6 7. Bc1 e6 8. e4
exd5 9. exd5 Bd6 10. c4 O-O 11. Bd3 Be5 12. Qc2 Na6 13. a3 Qa5+ 14. Bd2 Nb4 15.
Qb3 Nxd3+ 16. Qxd3 Qc7 17. Nc3 a6 18. Nge2 Rb8 19. f4 Bd6 20. O-O b5 21. b3 bxc4
22. bxc4 Re8 23. Ng3 Bf8 24. f5 d6 25. h3 h6 26. Nge4 Qd8 27. Rae1 Bb7 28. Qg3
Kh8 29. Kh1 a5 30. Nxf6 Qxf6 31. Ne4 Qd4 32. Bc3 Qxc4 33. Nxd6 Rxe1 34. Nxf7+
Kg8 35. Nxh6+ Kh8 36. Rxe1 Qxd5 37. Qg6 Qc6 38. f6 Qxg2+ 39. Qxg2 Bxg2+ 40. Kxg2
gxh6 41. f7+ Kh7 42. Re8 Rb7 43. Rxf8 Kg6 44. Rg8+ Kxf7 45. Rg7+ Ke6 46. Rxb7 1-0

[Event "Euro Online U2300 Day 1"]
[Site "chess.com INT"]
[Date "2020.05.25"]
[Round "4"]
[White "Kosmidis, Ioannis"]
[Black "Evans, Kevin"]
[Result "1-0"]
[WhiteElo "2130"]
[BlackElo "2081"]
[WhiteFideId "4253876"]
[BlackFideId "1801686"]
[EventDate "2020.05.25"]

1. d4 d5 2. c4 e5 3. dxe5 d4 4. Nf3 Nc6 5. a3 Be6 6. e3 dxe3 7. Qxd8+ Rxd8 8.
Bxe3 Nge7 9. Nc3 Ng6 10. Ng5 Ngxe5 11. Nxe6 fxe6 12. Rd1 Rxd1+ 13. Kxd1 Be7 14.
h3 O-O 15. Be2 Na5 16. Nb5 c6 17. Nd4 Rd8 18. Kc2 Naxc4 19. Nxe6 Nxe3+ 20. fxe3
Rd6 21. Nd4 g6 22. Rf1 Kg7 23. Rd1 a6 24. Bf3 Nxf3 25. gxf3 c5 26. Ne2 Rxd1 27.
Kxd1 Kf6 28. Nf4 Ke5 29. Kd2 Bg5 30. Nd3+ Kd5 31. Ke2 b5 32. Nf2 a5 33. Ne4 Be7
34. Kd3 c4+ 35. Kc2 Bc5 36. Kd2 Be7 37. Nc3+ Kc5 38. Ne4+ Kd5 39. Nc3+ Kc5 40.
Kc2 b4 41. Ne4+ Kd5 42. axb4 axb4 43. Kd2 Bf8 44. Nf6+ Kc5 45. Nd7+ 1-0

[Event "Euro Online U2300 Day 1"]
[Site "chess.com INT"]
[Date "2020.05.25"]
[Round "4"]
[White "Green, Andrew D"]
[Black "Lopez Varela, Pablo"]
[Result "0-1"]
[WhiteTitle "CM"]
[WhiteElo "2154"]
[BlackElo "2177"]
[WhiteFideId "2401762"]
[BlackFideId "32092105"]
[EventDate "2020.05.25"]

1. d4 Nf6 2. Nf3 b6 3. Bf4 Bb7 4. Nbd2 d6 5. h3 Nbd7 6. e3 g6 7. Bh2 Ne4 8. Nxe4
Bxe4 9. Be2 Bg7 10. O-O O-O 11. c4 Bb7 12. Rc1 c5 13. Qd2 cxd4 14. exd4 Rc8 15.
Rfe1 e5 16. dxe5 dxe5 17. Rcd1 Bc6 18. b4 Ba4 19. Rc1 Re8 20. Bf1 e4 21. Ng5 Nf6
22. Qf4 Bc6 23. Red1 Qe7 24. b5 Bb7 25. h4 h6 26. Nh3 Nh5 27. Qg4 Red8 28. Nf4
e3 29. fxe3 Qxe3+ 30. Kh1 Nf6 31. Qg3 Qxg3 32. Bxg3 Ne4 33. Be1 g5 34. Nh3 g4
35. Nf4 g3 36. Kg1 Bd4+ 37. Kh1 Nf2+ 38. Bxf2 gxf2 39. Bd3 Be3 40. Nd5 Bxd5 41.
cxd5 Rxc1 42. Rxc1 Bxc1 43. Bc4 Be3 44. Kh2 Bc5 45. Kg3 Re8 46. Kg4 Re1 0-1

[Event "Euro Online U2300 Day 1"]
[Site "chess.com INT"]
[Date "2020.05.25"]
[Round "4"]
[White "Caputcuoglu, Zeki Berke"]
[Black "Ghukasyan, Siranush"]
[Result "1/2-1/2"]
[WhiteTitle "CM"]
[BlackTitle "WIM"]
[WhiteElo "2138"]
[BlackElo "2222"]
[WhiteFideId "34548610"]
[BlackFideId "13300946"]
[EventDate "2020.05.25"]

1. Nf3 d5 2. d4 c6 3. c4 Nf6 4. Nc3 dxc4 5. a4 Bf5 6. e3 Nbd7 7. Bxc4 e6 8. O-O
Be7 9. Qe2 O-O 10. e4 Bg4 11. h3 Bh5 12. g4 Bg6 13. Ne5 Nxe5 14. dxe5 Nd7 15. f4
Bc5+ 16. Kg2 h6 17. Be3 Bh7 18. Rad1 Bb4 19. f5 Qe7 20. f6 gxf6 21. exf6 Nxf6
22. Bxh6 Bxc3 23. bxc3 Nxe4 24. Bxf8 Rxf8 25. Bd3 f5 26. Bxe4 fxe4 27. Rxf8+
Qxf8 28. Rf1 Qe7 29. Qe3 b6 30. Rd1 Qf6 31. a5 bxa5 32. Ra1 Qe5 33. Qd4 Qb5 34.
Rf1 Qd5 35. Qf6 e3+ 36. Kg1 Qd6 37. Qf7+ Kh8 38. Qf6+ Kg8 39. Qf7+ Kh8 40. Qf8+
Qxf8 41. Rxf8+ Kg7 42. Rf3 e2 43. Kf2 a4 44. Kxe2 a3 45. Rf1 a2 46. Ra1 Bb1 47.
Ke3 e5 48. h4 Kg6 49. c4 c5 50. Kf3 Kf6 51. Kg3 Kg6 52. g5 Kh5 53. Kf3 a6 54.
Kg3 Kg6 55. Kg4 Bf5+ 56. Kg3 Bb1 57. Kf3 Kh5 58. Ke3 Kg6 59. Kf3 Kf5 60. Ke3 Kg6
61. Kf3 1/2-1/2

[Event "Euro Online U2300 Day 1"]
[Site "chess.com INT"]
[Date "2020.05.25"]
[Round "4"]
[White "Kormos, Adam"]
[Black "Silich, Yahor"]
[Result "0-1"]
[BlackTitle "FM"]
[WhiteElo "2279"]
[BlackElo "2330"]
[WhiteFideId "730483"]
[BlackFideId "13513656"]
[EventDate "2020.05.25"]

1. e4 c5 2. Nf3 Nc6 3. Nc3 g6 4. g3 Bg7 5. Bg2 e6 6. O-O Nge7 7. Re1 d6 8. d3
O-O 9. Be3 Nd4 10. Qc1 Nec6 11. Ne2 Rb8 12. c3 Nxf3+ 13. Bxf3 b5 14. d4 Qe7 15.
e5 d5 16. Bf4 Bd7 17. h4 b4 18. Kg2 bxc3 19. bxc3 cxd4 20. cxd4 Na5 21. Bg5 f6
22. exf6 Bxf6 23. Nf4 Bxg5 24. hxg5 Qd6 25. Rh1 Nc4 26. Rxh7 Kxh7 27. Qh1+ Kg8
28. Qh6 Qe7 29. Qxg6+ Qg7 30. Qh5 Rb2 31. Re1 Qxd4 32. Qg6+ Qg7 33. Qh5 Ne5 34.
Bd1 Ng6 35. Nd3 Rd2 36. Be2 Be8 37. Qg4 Bd7 38. Nc5 Bc8 0-1

[Event "Euro Online U2300 Day 1"]
[Site "chess.com INT"]
[Date "2020.05.25"]
[Round "4"]
[White "Safin, Robert"]
[Black "Efimenko, Maria"]
[Result "0-1"]
[WhiteTitle "FM"]
[BlackTitle "WIM"]
[WhiteElo "2287"]
[BlackElo "2245"]
[WhiteFideId "34189120"]
[BlackFideId "14124327"]
[EventDate "2020.05.25"]

1. d4 d6 2. Nf3 Nf6 3. g3 g6 4. Bg2 Bg7 5. O-O O-O 6. Nc3 c6 7. a4 a5 8. e4 Qc7
9. h3 e5 10. dxe5 dxe5 11. Be3 Rd8 12. Qe2 Nbd7 13. Rfd1 b6 14. Qc4 Ba6 15. Qb3
Bf8 16. Qa2 Nc5 17. Re1 Rd7 18. Bf1 Bxf1 19. Kxf1 Ncxe4 20. Nxe4 Nxe4 21. Qc4
Nd6 22. Qb3 Nf5 23. Bxb6 Qb8 24. Nxe5 Rb7 25. Qc4 Nd6 26. Qf4 Rxb6 27. Ng4 Nf5
28. Qc4 Bg7 29. Re2 h5 30. Rae1 Qd6 31. Re8+ Rxe8 32. Rxe8+ Kh7 33. Qxf7 hxg4
34. hxg4 Qd1+ 35. Kg2 Qxg4 36. Qg8+ Kh6 37. Re1 Qd4 38. Rh1+ Kg5 39. f4+ Kf6 40.
Kh3 Qd5 41. Qxd5 cxd5 42. b3 Rc6 43. Rh2 d4 44. Re2 Ne3 45. Rd2 Nxc2 46. g4 Rc3+
47. Kh4 Kf7 48. f5 gxf5 49. gxf5 Bf6+ 50. Kg4 Ne3+ 51. Kf4 Rxb3 52. Rh2 Be5+ 53.
Kxe5 Ng4+ 54. Kxd4 Nxh2 55. f6 Rb4+ 56. Kc5 Rxa4 57. Kc6 Ra1 58. Kd6 Kxf6 59.
Kd7 Rb1 60. Ke8 a4 61. Kf8 a3 62. Kg8 a2 63. Kh7 a1=Q 64. Kh6 Nf3 65. Kh5 Rh1+
66. Kg4 Ne5+ 67. Kf4 Qd4+ 68. Kg3 Qg4+ 69. Kf2 Qf3# 0-1

[Event "Euro Online U2300 Day 1"]
[Site "chess.com INT"]
[Date "2020.05.25"]
[Round "4"]
[White "Kuhn, Clement"]
[Black "Chaqryan, Erik"]
[Result "0-1"]
[WhiteTitle "CM"]
[WhiteElo "2150"]
[BlackElo "2231"]
[WhiteFideId "36099775"]
[BlackFideId "13312340"]
[EventDate "2020.05.25"]

1. e4 c5 2. Nf3 d6 3. d4 cxd4 4. Nxd4 Nf6 5. Nc3 Nc6 6. Bg5 e6 7. Qd2 a6 8. f4
Bd7 9. O-O-O b5 10. Kb1 b4 11. Nce2 Nxe4 12. Qe3 Nxg5 13. fxg5 Be7 14. h4 Ne5
15. Nf4 Qc7 16. Be2 Qc5 17. Qg3 Rg8 18. h5 g6 19. hxg6 hxg6 20. Rh7 a5 21. Bf3
Rc8 22. Be4 a4 23. Nfe2 Qc7 24. Rf1 d5 25. Bd3 Rf8 26. Nb5 Qb8 27. Ned4 a3 28.
bxa3 bxa3 29. Ka1 Nc6 30. Qxb8 Nxb8 31. Rfxf7 Rxf7 32. Bxg6 Bxg5 33. Rxf7 Kd8
34. Nd6 Rc3 35. Bd3 e5 36. N4f5 e4 37. Bb5 Rxc2 38. Rf8+ Kc7 39. Ne8+ Bxe8 40.
Rf7+ Bxf7 0-1

[Event "Euro Online U2300 Day 1"]
[Site "chess.com INT"]
[Date "2020.05.25"]
[Round "4"]
[White "Van Hoolandt, Patrick"]
[Black "Revuckij, Vladimir"]
[Result "1-0"]
[WhiteTitle "FM"]
[BlackTitle "IM"]
[WhiteElo "2063"]
[BlackElo "2354"]
[WhiteFideId "200999"]
[BlackFideId "14106167"]
[EventDate "2020.05.25"]

1. d4 e6 2. Nf3 c5 3. g3 cxd4 4. Bg2 Nf6 5. O-O Be7 6. Nxd4 O-O 7. b3 d5 8. Bb2
b6 9. c4 Bb7 10. Nd2 Nbd7 11. Rc1 Rc8 12. e3 Re8 13. Re1 Bb4 14. a3 Bf8 15. b4
Ba8 16. cxd5 Bxd5 17. Rxc8 Qxc8 18. e4 Bb7 19. Qb3 Qa8 20. Nb5 Rc8 21. h3 a6 22.
Nc3 b5 23. Kh2 Nb6 24. a4 Nc4 25. Nxc4 Rxc4 26. axb5 Rxb4 27. Qc2 axb5 28. Ra1
Qc8 29. Qe2 Qc4 30. Qd2 Nxe4 31. Nxe4 Bxe4 32. Bf1 Qc2 33. Qxc2 Bxc2 34. Be5 Re4
35. Bb2 Ba4 36. Rc1 f6 37. Rc8 Kf7 38. Rc7+ Be7 39. Bd3 Rb4 40. Rxe7+ Kxe7 41.
Ba3 g6 42. Bxb4+ Kd7 43. Kg2 e5 44. Be4 f5 45. Bd5 Bc2 46. Kf3 h6 47. Ke3 g5 48.
Kd2 Ba4 49. g4 1-0

[Event "Euro Online U2300 Day 1"]
[Site "chess.com INT"]
[Date "2020.05.25"]
[Round "4"]
[White "Kiolbasa, Oliwia"]
[Black "Suleymanli, Aydin"]
[Result "1-0"]
[WhiteTitle "WIM"]
[BlackTitle "IM"]
[WhiteElo "2160"]
[BlackElo "2512"]
[WhiteFideId "1154613"]
[BlackFideId "13413937"]
[EventDate "2020.05.25"]

1. e4 c6 2. d4 d5 3. e5 Bf5 4. Nd2 e6 5. Nb3 Nd7 6. Nf3 c5 7. dxc5 Bxc5 8. Nxc5
Nxc5 9. Bb5+ Nd7 10. O-O Ne7 11. Re1 O-O 12. Nd4 a6 13. Bf1 Rc8 14. c3 Bg6 15.
Bg5 Nc5 16. h4 h6 17. Bf4 Nc6 18. h5 Bh7 19. Qg4 Kh8 20. Rad1 Qb6 21. b3 Ne4 22.
Re3 Nxd4 23. cxd4 Rc2 24. Re2 Rxe2 25. Bxe2 Nc3 26. Rd2 Ne4 27. Rd1 Rc8 28. Be3
Nc3 29. Rd2 Bf5 30. Qf3 Qc7 31. Bf1 Nb1 32. Rd1 Qc2 33. Rc1 Qxc1 34. Bxc1 Rxc1
35. Qe3 Rd1 36. Qe2 Nc3 37. Qf3 Rc1 38. Qe3 Nxa2 39. g3 Rd1 40. Kg2 Nb4 41. Be2
Nc2 42. Qc3 Rxd4 43. g4 Be4+ 44. f3 Bd3 45. Qc8+ Kh7 46. Bxd3+ Rxd3 47. Qxc2 1-0

[Event "Euro Online U2300 Day 1"]
[Site "chess.com INT"]
[Date "2020.05.25"]
[Round "4"]
[White "Mikheev, Aleksey"]
[Black "Erdogan, Anil Berk"]
[Result "1-0"]
[BlackTitle "CM"]
[WhiteElo "2239"]
[BlackElo "2155"]
[WhiteFideId "24177660"]
[BlackFideId "6348173"]
[EventDate "2020.05.25"]

1. e4 c5 2. Nf3 g6 3. d4 cxd4 4. Nxd4 Nc6 5. Nc3 Bg7 6. Be3 Nf6 7. Bc4 Qa5 8.
O-O O-O 9. h3 Qb4 10. Bb3 Nxe4 11. Nd5 Qa5 12. Nxc6 dxc6 13. Nxe7+ Kh8 14. Nxc8
Raxc8 15. c3 Rcd8 16. Qe2 f5 17. Rad1 b6 18. Rxd8 Rxd8 19. Rd1 Re8 20. Qc4 c5
21. Rd7 Rf8 22. Qe6 c4 23. Qe7 Qe5 24. Qxe5 Bxe5 25. Bxc4 f4 26. Bd4 Bxd4 27.
Rxd4 Nc5 28. Kf1 g5 29. Bd5 Kg7 30. Bf3 Kf6 31. Rd6+ Ke5 32. Rd5+ Kf6 33. Ke2
Re8+ 34. Kd2 Ne4+ 35. Bxe4 Rxe4 36. Rd7 f3 37. gxf3 Rh4 38. Rxa7 Rxh3 39. Ke2 h5
40. Rb7 h4 41. Rxb6+ Kg7 42. Kf1 Rxf3 43. Kg2 g4 44. Rb4 h3+ 45. Kg1 h2+ 46.
Kxh2 Rxf2+ 47. Kg3 Rc2 48. Kxg4 Kf6 49. Kf4 Ke6 50. Ke4 Kd6 51. Kd3 Rh2 52. a4
Kc5 53. Rb5+ Kc6 54. b4 Rh3+ 55. Kc4 Rh4+ 56. Kb3 Rh1 57. Rc5+ Kb6 58. a5+ Ka6
59. Rg5 Rh4 60. Ka4 Rh1 61. Rg6+ Kb7 62. c4 Rh5 63. c5 Rh7 64. Kb5 Ka7 65. c6
Rh5+ 66. Ka4 Rh7 67. Rg4 Rf7 68. b5 Rf1 69. Rc4 Ra1+ 70. Kb4 Rb1+ 71. Kc5 Kb8
72. b6 Rd1 73. Rg4 Rc1+ 74. Kb5 Rxc6 75. Kxc6 1-0